| 000 | 00556nam a2200181 i 4500 | ||
|---|---|---|---|
| 001 | 145735 | ||
| 003 | ES-MaACL | ||
| 005 | 20250602063232.0 | ||
| 007 | t| | ||
| 008 | 071016s1970 sp ||||1| spa d | ||
| 100 | 1 |
_aVereiter, Karl von, _d1918-1996 _9114070 |
|
| 245 | 1 | 3 |
_aEl camarada Kapo / _cKarl von Vereiter ; [versión E. Sánchez Pascual]. |
| 260 |
_aBarcelona : _bPetronio, _c[1970] |
||
| 300 |
_a204 p. ; _c21 cm. |
||
| 700 | 1 |
_aSánchez Pascual, Enrique. _9102835 |
|
| 852 |
_aES-MaACL _jC-39565 _bR.74726 |
||
| 999 |
_c145735 _d145735 |
||